000 00884cam a2200277 i 4500
999 _c1657
_d1657
001 1321607
003 GZU
005 20201021095440.0
008 780906s1979 nyu b 001 0 eng
010 _a 78058914
020 _a002932890X.
_a0029329000
040 _aDLC
_cDLC
_dDLC
043 _an-us---
050 0 0 _aHV91
_b.T7 1979
082 0 0 _a361/.973
_219
100 1 _aTrattner, Walter I.
245 1 0 _aFrom poor law to welfare state :
_ba history of social welfare in America /
_cWalter I. Trattner.
250 _a2d ed.
260 _aNew York :
_bFree Press,
_cc1979.
300 _axiii, 290 p. ;
_c22 cm.
504 _aIncludes bibliographies and index.
650 0 _aPublic welfare
_zUnited States
_xHistory.
650 0 _aSocial service
_zUnited States
_xHistory.
906 _a7
_bcbc
_corignew
_d1
_eocip
_f19
_gy-gencatlg
942 _2lcc
_cBK
_e2nd ed.
_h91
_iTRA
_kHV
_m1979